Control total de la calidad / Armand V. Feigenbaum (Registro nro. 15687)
[ vista simple ]
| 000 -LÍDER | |
|---|---|
| fixed length control field | 00474nam a2200157 4500 |
| 008 - ELEMENTOS DE LONGITUD FIJA -- INFORMACIÓN GENERAL | |
| fixed length control field | 0 1994 0a 000 0MEX |
| 020 ## - NÚMERO INTERNACIONAL NORMALIZADO PARA LIBROS | |
| ISBN | 968-26-1258-6 ; 978-968-26-1258-9 |
| 050 ## - SIGNATURA TOPOGRAFICA DE LA BIBLIOTECA DEL CONGRESO (LC) | |
| Número de Clasificación | TS156 F452 1994 |
| 082 ## - NUMERO DE CLASIFICACION DECIMAL DEWEY | |
| Número de Clasificación | 658.568 F555c |
| 100 ## - ASIENTO PRINCIPAL--NOMBRE PERSONAL | |
| Nombre personal | Feigenbaum, Armand V. |
| 245 ## - TÍTULO | |
| Título | Control total de la calidad / Armand V. Feigenbaum |
| 250 ## - MENCIÓN DE EDICIÓN | |
| Mención de edición | 3 / 12 reimp. 2011 |
| 260 ## - PUBLICACIÓN, DISTRIBUCIÓN, ETC. (PIE DE IMPRENTA) | |
| Lugar de publicación, distribución, etc. | México : CECSA-PATRIA |
| 300 ## - DESCRIPCIÓN FÍSICA | |
| Extensión | 922 p. / 23 cm. |
| 650 ## - ASIENTO SECUNDARIO DE MATERIA - TERMINO TEMÁTICO | |
| Término temático o nombre geográfico como elemento de entrada | 1.CONTROL DE CALIDAD |
| No. biblioteca | No. biblioteca | Número de clasificación | Código de barras/Número de adquisición | Número de copia | Tipo de material |
|---|---|---|---|---|---|
| LUIS G. INCLAN | LUIS G. INCLAN | 658.568 F555c | 27351 | 19 | Libros |
| LUIS G. INCLAN | LUIS G. INCLAN | 658.568 F555c | 27486 | 20 | Libros |
| LUIS G. INCLAN | LUIS G. INCLAN | 658.568 F555c | 27487 | 21 | Libros |
| LUIS G. INCLAN | LUIS G. INCLAN | 658.568 F555c | 42058 | 22 | Libros |
| LUIS G. INCLAN | LUIS G. INCLAN | 658.568 F555c | 43728 | 23 | Libros |
| LUIS G. INCLAN | LUIS G. INCLAN | 658.568 F555c | 44613 | 24 | Libros |
| LUIS G. INCLAN | LUIS G. INCLAN | 658.568 F555c | 44614 | 25 | Libros |
| LUIS G. INCLAN | LUIS G. INCLAN | 658.568 F555c | 45996 | 26 | Libros |
| LUIS G. INCLAN | LUIS G. INCLAN | 658.568 F555c | 45997 | 27 | Libros |
| LUIS G. INCLAN | LUIS G. INCLAN | 658.568 F555c | 45998 | 28 | Libros |
| LUIS G. INCLAN | LUIS G. INCLAN | 658.568 F555c | 45999 | 29 | Libros |
| LUIS G. INCLAN | LUIS G. INCLAN | 658.568 F555c | 46573 | 30 | Libros |
| LUIS G. INCLAN | LUIS G. INCLAN | 658.568 F555c | 46574 | 31 | Libros |
| LUIS G. INCLAN | LUIS G. INCLAN | 658.568 F555c | 46978 | 32 | Libros |
| LUIS G. INCLAN | LUIS G. INCLAN | 658.568 F555c | 47315 | 33 | Libros |
| ÁREA DE INDUSTRIAL | ÁREA DE INDUSTRIAL | 658.568 F555c | 51979 | 34 | Libros |
| ÁREA DE INDUSTRIAL | ÁREA DE INDUSTRIAL | 658.568 F555c | 52067 | 35 | Libros |
| ÁREA DE INDUSTRIAL | ÁREA DE INDUSTRIAL | 658.568 F555c | 52068 | 36 | Libros |
| ÁREA DE INDUSTRIAL | ÁREA DE INDUSTRIAL | 658.568 F555c | 52069 | 37 | Libros |
